Applying meta-analysis to library and information science research (Record no. 62596)

MARC details
000 -CABECERA
campo de control de longitud fija 00503nam a2200181 a 4500
005 - FECHA Y HORA DE LA ÚLTIMA TRANSACCIÓN
campo de control 20210219152854.0
008 - ELEMENTOS DE LONGITUD FIJA--INFORMACIÓN GENERAL
campo de control de longitud fija 991125n 000 0 u
035 ## - NÚMERO DE CONTROL DEL SISTEMA
Número de control de sistema UPN01000064539
100 1# - ASIENTO PRINCIPAL--NOMBRE PERSONAL
Nombre de persona Trahan, Eric
222 ## - TÍTULO CLAVE
Título clave THE LIBRARY QUARTERLY
245 ## - MENCIÓN DE TÍTULO
Título Applying meta-analysis to library and information science research
300 ## - DESCRIPCIÓN FÍSICA
Extensión 73-91
362 0# - FECHAS DE PUBLICACIÓN Y/O DESIGNACIÓN SECUENCIAL
Fecha de publicación y/o designación secuencial 1993 Vol. 63, no. 1
653 0# - TERMINO DE INDIZACION - NO CONTROLADO
Término no controlado BIBLIOTECARIOS
653 0# - TERMINO DE INDIZACION - NO CONTROLADO
Término no controlado RECUPERACION DE INFORMACION
904 ## - ELEMENTOS DE DATOS D LOCAL, LDD (RLIN)
a AC
b 002350
905 ## - TIPO DE MATERIAL
Tipo de material Articulo

No items available.